000 01267nam a22003377a 4500
001 255
003 FISKH
005 20230310163049.0
008 230310b cb ||||| |||| 00| 0 eng d
020 _a9780439551908
040 _aDLC
_cDLC
_dDLC
_dFISKH
_beng
042 _alcac
050 0 0 _aPZ7.L5215
_bCav 1989
082 0 0 _a813.54
_219
100 1 _aLe Guin, Ursula K.,
_d1929-2018.
245 1 0 _aCatwings return /
_cUrsula K. Le Guin ; illustrations by S.D. Schindler.
250 _aThis Orchard paperback edition
_bOctober 2006
260 _aNew York
_bOrchard Books
_c1989
300 _a54 p. :
_bcol. ill. ;
_c18 cm.
500 _a"A Richard Jackson book"--Half t.p.
505 _aM
520 _aWishing to visit their mother, two winged cats leave their new country home to return to the city, where they discover a winged kitten in a building about to be demolished.
521 8 _a730
_bLexile
521 8 _aM
_bRaz-Plus
650 0 _aCats
_vFiction
700 1 _aSchindler, S. D.,
_eill.
710 2 _aJuvenile Collection (Library of Congress)
_5DLC
856 4 2 _3Contributor biographical information
_uhttp://www.loc.gov/catdir/enhancements/fy1301/88017902-b.html
906 _a7
_bcbc
_corignew
_d1
_eocip
_f19
_gy-gencatlg
942 _2ddc
_cBK
_n0
999 _c255
_d255